000 00667nam a22001577a 4500
020 _a978-1-4088-9670-9
082 _a823
_bMAA/T
100 _aMAAS,SARAH J
245 _aTOWER OF DAWN
246 _aTOWER OF DAWN
_bTOWER OF DAWN
260 _aLONDON
_bBLOOMSBURY
_c2017
300 _a664
520 _aThe events in Tower of Dawn take place simultaneously with the events in Empire of Storms. Chaol Westfall is a lord of Adarlan, and for years, he served the evil king as captain of the royal guard. Everything changed when Chaol escaped the king, leaving his best friend, Prince Dorian, in his father's clutches.
650 _aENGLISH FANTACY NOVEL
942 _cBK
999 _c8616
_d8616